|
|
|
|
| LEADER |
04461nam a22005414a 4500 |
| 001 |
34532 |
| 003 |
BD-DhAAL |
| 005 |
20211124130407.0 |
| 008 |
190408r20102002nyua b 001 0 eng d |
| 999 |
|
|
|c 40671
|d 40671
|
| 010 |
|
|
|a 2002022045
|
| 020 |
|
|
|a 9780789015839
|
| 020 |
|
|
|a 078901582X (alk. paper)
|
| 020 |
|
|
|a 0789015838
|
| 040 |
|
|
|a DLC
|c DLC
|d DLC
|d BD-DhAAL
|
| 042 |
|
|
|a pcc
|
| 050 |
0 |
0 |
|a HD9665.5
|b .P525 2002
|
| 082 |
0 |
0 |
|a 615.190688
|2 21
|
| 245 |
0 |
0 |
|a Pharmaceutical marketing :
|b principles, environment, and practice /
|c Mickey C. Smith, ... [et al.].
|
| 260 |
|
|
|a New York :
|b Informa Healthcare,
|c c2002 [reissued 2010]
|
| 300 |
|
|
|a xvi, 371 pages :
|b illustrations ;
|c 22 cm.
|
| 504 |
|
|
|a Includes bibliographical references (pages 345-360) and index.
|
| 526 |
|
|
|a PHR
|
| 541 |
|
|
|a Karim International, Trim Education
|e 34532, 34533, 34534, 34535, 34536, 34537, 34538, 34539, 34540, 34541, 36810, 36811, 36812, 36813, 36814
|
| 650 |
|
0 |
|a Drugs
|x Marketing.
|9 31120
|
| 650 |
|
0 |
|a Pharmaceutical industry.
|9 31121
|
| 650 |
|
0 |
|a Pharmacy.
|9 38554
|
| 700 |
1 |
|
|a Smith, Mickey C.
|9 31122
|
| 700 |
1 |
|
|a Kolassa, E. M. "Mick"
|9 31123
|
| 700 |
1 |
|
|a Perkins, Greg
|9 31124
|
| 700 |
1 |
|
|a Siecker, Bruce
|9 31125
|
| 852 |
|
|
|a Ayesha Abed Library
|c General Stacks
|
| 942 |
|
|
|2 ddc
|c BK
|
| 952 |
|
|
|0 0
|1 0
|2 ddc
|4 0
|6 615_190688000000000_PHA
|7 0
|9 65301
|a BRACUL
|b BRACUL
|c GEN
|d 2019-03-18
|e Karim International
|g 3160.00
|l 3
|m 7
|o 615.190688 PHA
|p 3010034540
|r 2022-06-29
|s 2022-04-26
|t 9
|v 3160.00
|w 2019-03-18
|y BK
|
| 952 |
|
|
|0 0
|1 0
|2 ddc
|4 0
|6 615_190688000000000_PHA
|7 0
|9 65302
|a BRACUL
|b BRACUL
|c GEN
|d 2019-03-18
|e Karim International
|g 3160.00
|l 3
|m 30
|o 615.190688 PHA
|p 3010034538
|r 2022-07-06
|s 2022-04-26
|t 7
|v 3160.00
|w 2019-03-18
|y BK
|
| 952 |
|
|
|0 0
|1 0
|2 ddc
|4 0
|6 615_190688000000000_PHA
|7 0
|9 65303
|a BRACUL
|b BRACUL
|c GEN
|d 2019-03-18
|e Karim International
|g 3160.00
|l 4
|m 17
|o 615.190688 PHA
|p 3010034536
|r 2020-02-26
|s 2020-01-20
|t 5
|v 3160.00
|w 2019-03-18
|y BK
|
| 952 |
|
|
|0 0
|1 0
|2 ddc
|4 0
|6 615_190688000000000_PHA
|7 0
|9 65304
|a BRACUL
|b BRACUL
|c GEN
|d 2019-03-18
|e Karim International
|g 3160.00
|l 2
|m 30
|o 615.190688 PHA
|p 3010034533
|r 2024-11-11
|s 2024-09-10
|t 2
|v 3160.00
|w 2019-03-18
|y BK
|
| 952 |
|
|
|0 0
|1 0
|2 ddc
|4 0
|6 615_190688000000000_PHA
|7 0
|9 65305
|a BRACUL
|b BRACUL
|c GEN
|d 2019-03-18
|e Karim International
|g 3160.00
|l 2
|m 34
|o 615.190688 PHA
|p 3010034532
|r 2022-08-01
|s 2022-04-26
|t 1
|v 3160.00
|w 2019-03-18
|y BK
|
| 952 |
|
|
|0 0
|1 0
|2 ddc
|4 0
|6 615_190688000000000_PHA
|7 0
|9 65306
|a BRACUL
|b BRACUL
|c GEN
|d 2019-03-18
|e Karim International
|g 3160.00
|l 2
|m 4
|o 615.190688 PHA
|p 3010034539
|r 2020-02-10
|s 2020-02-06
|t 8
|v 3160.00
|w 2019-03-18
|y BK
|
| 952 |
|
|
|0 0
|1 0
|2 ddc
|4 0
|6 615_190688000000000_PHA
|7 0
|9 65307
|a BRACUL
|b BRACUL
|c GEN
|d 2019-03-18
|e Karim International
|g 3160.00
|l 2
|m 22
|o 615.190688 PHA
|p 3010034541
|r 2022-03-22
|s 2020-01-26
|t 10
|v 3160.00
|w 2019-03-18
|y BK
|
| 952 |
|
|
|0 0
|1 0
|2 ddc
|4 0
|6 615_190688000000000_PHA
|7 0
|9 65308
|a BRACUL
|b BRACUL
|c GEN
|d 2019-03-18
|e Karim International
|g 3160.00
|l 2
|m 14
|o 615.190688 PHA
|p 3010034534
|r 2022-12-28
|s 2020-10-01
|t 3
|v 3160.00
|w 2019-03-18
|y BK
|
| 952 |
|
|
|0 0
|1 0
|2 ddc
|4 0
|6 615_190688000000000_PHA
|7 0
|9 65309
|a BRACUL
|b BRACUL
|c GEN
|d 2019-03-18
|e Karim International
|g 3160.00
|l 6
|m 87
|o 615.190688 PHA
|p 3010034537
|r 2024-01-29
|s 2023-09-03
|t 6
|v 3160.00
|w 2019-03-18
|y BK
|
| 952 |
|
|
|0 0
|1 0
|2 ddc
|4 0
|6 615_190688000000000_PHA
|7 0
|9 65310
|a BRACUL
|b BRACUL
|c GEN
|d 2019-03-18
|e Karim International
|g 3160.00
|l 2
|m 16
|o 615.190688 PHA
|p 3010034535
|r 2019-12-11
|s 2019-07-23
|t 4
|v 3160.00
|w 2019-03-18
|y BK
|
| 952 |
|
|
|0 0
|1 0
|2 ddc
|4 0
|6 615_190688000000000_PHA
|7 0
|9 67470
|a BRACUL
|b BRACUL
|c GEN
|d 2019-12-17
|e Trim Education
|g 2299.00
|l 1
|m 9
|o 615.190688 PHA
|p 3010036810
|r 2022-06-29
|s 2022-04-27
|t 11
|v 2299.00
|w 2019-12-17
|y BK
|
| 952 |
|
|
|0 0
|1 0
|2 ddc
|4 0
|6 615_190688000000000_PHA
|7 0
|9 67471
|a BRACUL
|b BRACUL
|c GEN
|d 2019-12-17
|e Trim Education
|g 2299.00
|l 0
|o 615.190688 PHA
|p 3010036812
|r 2019-12-17
|t 13
|v 2299.00
|w 2019-12-17
|y BK
|
| 952 |
|
|
|0 0
|1 0
|2 ddc
|4 0
|6 615_190688000000000_PHA
|7 0
|9 67472
|a BRACUL
|b BRACUL
|c GEN
|d 2019-12-17
|e Trim Education
|g 2299.00
|l 1
|m 30
|o 615.190688 PHA
|p 3010036814
|r 2025-05-18
|s 2023-01-29
|t 15
|v 2299.00
|w 2019-12-17
|y BK
|
| 952 |
|
|
|0 0
|1 0
|2 ddc
|4 0
|6 615_190688000000000_PHA
|7 0
|9 67473
|a BRACUL
|b BRACUL
|c GEN
|d 2019-12-17
|e Trim Education
|g 2299.00
|l 2
|m 8
|o 615.190688 PHA
|p 3010036811
|r 2022-02-03
|s 2022-02-03
|t 12
|v 2299.00
|w 2019-12-17
|y BK
|
| 952 |
|
|
|0 0
|1 0
|2 ddc
|4 0
|6 615_190688000000000_PHA
|7 0
|9 67474
|a BRACUL
|b BRACUL
|c GEN
|d 2019-12-17
|e Trim Education
|g 2299.00
|l 4
|m 20
|o 615.190688 PHA
|p 3010036813
|r 2025-11-16
|s 2025-11-05
|t 14
|v 2299.00
|w 2019-12-17
|y BK
|